| 000 | 02852cam a22004094a 4500 | ||
|---|---|---|---|
| 001 | 3049 | ||
| 003 | FISKH | ||
| 005 | 20240201103241.0 | ||
| 008 | 080627s2009 nyu 000 0aeng | ||
| 010 | _a 2008028967 | ||
| 020 | _a9780312383220 | ||
| 020 | _a0312383223 | ||
| 020 | _a9781408700051 | ||
| 040 |
_aDLC _cDLC _dDLC _beng |
||
| 043 | _af-sj--- | ||
| 050 | 0 | 0 |
_aDT157.672 _b.J35 2009 |
| 082 | 0 | 0 |
_a962.404/3 _aB _222 |
| 100 | 1 | _aJal, Emmanuel | |
| 245 | 1 | 0 |
_aWar child : _ba child soldier's story / _cEmmanuel Jal with Megan Lloyd Davies. |
| 260 |
_aLondon : _bAbacus, _c2009 |
||
| 300 |
_a262 pages ; _c24 cm. |
||
| 520 | _aIn the mid-1980s, Emmanuel Jal was a seven year old Sudanese boy, living in a small village with his parents, aunts, uncles, and siblings. But as Sudan's civil war moved closer - with the Islamic government seizing tribal lands for water, oil, and other resources, Jal's family moved again and again, seeking peace. Then, on one terrible day, Jal was separated from his mother, and later learned she had been killed; his father Simon rose to become a powerful commander in the Christian Sudanese Liberation Army, fighting for the freedom of Sudan. Soon, Jal was conscripted into that army, one of 10,000 child soldiers, and fought through two separate civil wars over nearly a decade. But, remarkably, Jal survived, and his life began to change when he was adopted by a British aid worker. He began the journey that would lead him to change his name and to music: recording and releasing his own album, which produced the number one hip-hop single in Kenya, and from there went on to perform with Moby, Bono, Peter Gabriel, and other international music stars. Shocking, inspiring, and finally hopeful, War Child is a memoir by a unique young man, who is determined to tell his story and in so doing bring peace to his homeland. | ||
| 600 | 1 | 0 |
_aJal, Emmanuel _xChildhood and youth. |
| 650 | 0 |
_aChild soldiers _zSudan _vBiography. |
|
| 650 | 0 |
_aRap musicians _vBiography. |
|
| 650 | 0 |
_aPolitical activists _vBiography. |
|
| 651 | 0 |
_aSudan _xHistory _yCivil War, 1983-2005 _vPersonal narratives. |
|
| 651 | 0 |
_aSudan _xHistory _yCivil War, 1983-2005 _xChildren _vBiography. |
|
| 651 | 0 |
_aSudan _xHistory _yCivil War, 1983-2005 _xRefugees _vBiography. |
|
| 700 | 1 | _aLloyd-Davies, Megan. | |
| 856 | 4 | 2 |
_3Publisher description _uhttp://www.loc.gov/catdir/enhancements/fy0902/2008028967-d.html |
| 856 | 4 | 2 |
_3Contributor biographical information _uhttp://www.loc.gov/catdir/enhancements/fy0905/2008028967-b.html |
| 856 | 4 | 1 |
_3Sample text _uhttp://www.loc.gov/catdir/enhancements/fy1201/2008028967-s.html |
| 906 |
_a7 _bcbc _corignew _d1 _eecip _f20 _gy-gencatlg |
||
| 942 |
_2ddc _cBK _n0 |
||
| 999 |
_c3049 _d3049 |
||